000 00524nam a2200169Ia 4500
999 _c8897
_d8897
003 OSt
005 20210810132730.0
008 151021s9999 xx 000 0 und d
020 _a9789077073902
040 _aMMU
_beng
_cMMU
_dMMU
050 _aSB 415 P25 H65 2004
245 _aProtected Cultivation Construction requirements and use of greenhouse in various climates/
_cErnst van Heurn
260 _aNetherlands :
_b Agromisa ,
_c2004
300 _a82 p. :
650 _aProtected Cultivation
942 _2lcc
_cLOAN LOAN